5HLuxD.jpg

KING HENRY VIII SENIOR AND PRIMARY SCHOOL LIBRARY OPAC

Essential business studies for Cambridge IGCSE / (Record no. 1198)

000 -LEADER
fixed length control field 01171nam a22003378i 4500
001 - CONTROL NUMBER
control field 018188567
003 - CONTROL NUMBER IDENTIFIER
control field Uk
005 - DATE AND TIME OF LATEST TRANSACTION
control field 20220809091836.0
008 - FIXED-LENGTH DATA ELEMENTS--GENERAL INFORMATION
fixed length control field 170118s2017 enka 000|0|eng|d
015 ## - NATIONAL BIBLIOGRAPHY NUMBER
National bibliography number GBB710513
Source bnb
016 7# - NATIONAL BIBLIOGRAPHIC AGENCY CONTROL NUMBER
Record control number 018188567
Source Uk
020 ## - INTERNATIONAL STANDARD BOOK NUMBER
International Standard Book Number 9780198399568 (pbk.) :
040 ## - CATALOGING SOURCE
Original cataloging agency StDuBDS
Language of cataloging eng
Transcribing agency StDuBDS
Description conventions rda
Modifying agency KH8
082 04 - DEWEY DECIMAL CLASSIFICATION NUMBER
Classification number 650 DRA
Edition number 23
100 1# - MAIN ENTRY--PERSONAL NAME
Personal name Dransfield, Robert,
Dates associated with a name 1952-
Relator term author.
245 10 - TITLE STATEMENT
Title Essential business studies for Cambridge IGCSE /
Statement of responsibility, etc. Robert Dransfield, Terry Cook, Jane King.
250 ## - EDITION STATEMENT
Edition statement Second edition.
263 ## - PROJECTED PUBLICATION DATE
Projected publication date 201701
264 #1 - PRODUCTION, PUBLICATION, DISTRIBUTION, MANUFACTURE, AND COPYRIGHT NOTICE
Place of production, publication, distribution, manufacture Oxford :
Name of producer, publisher, distributor, manufacturer Oxford University Press,
Date of production, publication, distribution, manufacture, or copyright notice [2017?]
300 ## - PHYSICAL DESCRIPTION
Extent v, 186 pages :
Other physical details illustrations (colour) ;
Dimensions 27 cm
336 ## - CONTENT TYPE
Content type term text
Source rdacontent
336 ## - CONTENT TYPE
Content type term still image
Source rdacontent
337 ## - MEDIA TYPE
Media type term unmediated
Source rdamedia
338 ## - CARRIER TYPE
Carrier type term volume
Source rdacarrier
500 ## - GENERAL NOTE
General note Includes Internet access.
650 #0 - SUBJECT ADDED ENTRY--TOPICAL TERM
Topical term or geographic name entry element Business
General subdivision Examinations
Form subdivision Study guides.
650 #0 - SUBJECT ADDED ENTRY--TOPICAL TERM
Topical term or geographic name entry element International General Certificate of Secondary Education
Form subdivision Study guides.
700 1# - ADDED ENTRY--PERSONAL NAME
Personal name Cook, Terry
Titles and other words associated with a name (Economics teacher),
Relator term author.
700 1# - ADDED ENTRY--PERSONAL NAME
Personal name King, Jane
Titles and other words associated with a name (Writer of economics textbooks),
Relator term author.
942 ## - ADDED ENTRY ELEMENTS (KOHA)
Source of classification or shelving scheme
Koha item type Books - Non Ficton
Holdings
Withdrawn status Lost status Source of classification or shelving scheme Damaged status Not for loan Collection code Permanent Location Current Location Shelving location Date acquired Full call number Barcode Date last seen Price effective from Koha item type
          Non-Fiction KH8 Senior School Library KH8 Senior School Library Non Fiction 2022-08-09 650 DRA 3KHSL000101928 2022-08-09 2022-08-09 Books - Non Ficton

Powered By KH8 IT Dept